[Event "Vlissingen HZ op 04th"]
[Site "Vlissingen"]
[Date "2000.08.03"]
[Round "7"]
[White "Golod, Vitali"]
[Black "Barsov, Alexei"]
[Result "1/2-1/2"]
[WhiteElo "2590"]
[BlackElo "2534"]
[Annotator "Golod,V"]
[PlyCount "109"]
[EventDate "2000.07.29"]
[EventType "swiss"]
[EventRounds "9"]
[EventCountry "NED"]
[SourceTitle "CBM 077 Extra"]
[Source "ChessBase"]
[SourceDate "2000.09.14"]
[SourceVersion "1"]
[SourceVersionDate "2000.09.14"]
[SourceQuality "1"]

1. Nf3 d5 2. d4 Nf6 3. c4 e6 4. Nc3 Be7 5. Bf4 O-O 6. e3 c5 7. dxc5 Bxc5 8. a3
Nc6 9. b4 Be7 10. cxd5 exd5 $5 ({Another line is:} 10... Nxd5 $5 {See comments
to next games: Krasenkow,M-Karpov,A/Polanica Zdroj, 1998/CBM 67(1-0)(Donev,I)
(52); Van Wely,L-Van der Sterren,P/ Escaldes,1998/CBM 68(1-0)(Donev,I)(58);
Lautier,J-Arlandi,E/Escaldes,1998/CBM 68 (1-0)(Donev,I)(23).}) 11. Be2 Be6 12.
Nd4 Rc8 $5 (12... a5 $5 {and also 12...Ne4? you can see comments to Golod,
V-Lputian,S/Belgrade,1999/CBM 69 (1/2-1/2)(Donev,I)(21)}) 13. O-O a5 $5 ({
Probably pretty dubious:} 13... Nxb4 {in view of:} 14. axb4 Rxc3 15. Rxa7 Qb6
16. Nb5 (16. Ra4 $6 Bd7 17. b5 Ne4 $13) 16... Rc4 $6 (16... Rcc8 $142 17. Be5
$1 Bxb4 18. Bxf6 gxf6 19. Ra4 Be7 20. Bd3 $40) 17. Bxc4 dxc4 18. Qa4 $1 (18.
Ra5 $2 Bxb4 $19) 18... Bd7 (18... Nd5 $6 19. Qa5 Qxa5 20. bxa5 Nxf4 21. exf4
Rb8 22. a6 bxa6 23. Nc7 $16) 19. Qa5 $1 (19. Ra5 $2 Nd5 $17) 19... Qc6 $2 (
19... Qxb5 $142 20. Qxb5 Bxb5 21. Rxb7 Bd7 22. Bg5 Bd8 $1 23. Bxf6 $140 Bc6 24.
Bxd8 Bxb7 25. Bb6 (25. Be7 $142 $16 {Polgar,Zsu}) 25... Be4 26. Rc1 Bd3 27. Bd4
Ra8 $14 {Schafranietz,S-Zumsande,M/Neumuenster, 1999(1/2-1/2)(46)}) 20. Nd4 $18
{See comments to Polgar,Z-Geller,E/Wien,1993/Inf 58/446 (1-0)(Polgar,Zsu)(28)})
(13... Nxd4 $6 {Polgar,Zsu} 14. Qxd4 Qb6 15. Qxb6 axb6 16. Nb5 $16) 14. Nxc6 $5
({In my opinion leads to approximately equal position:} 14. bxa5 $6 Nxd4 15.
Qxd4 Qxa5 16. Nb5 Ne4 $11 {Cifuentes Parada,R-Barsov,A/Hoogeveen, 1999(1/2-1/2)
(39)}) 14... bxc6 $1 $146 {[%mdl 8] Logical novelty of Alexei Barsov.} (14...
Rxc6 $143 {was chesked in the two previous games:} 15. Qd4 Ne8 (15... axb4 16.
axb4 Bd6 17. Bxd6 Qxd6 18. h3 {+/=/= See comments to Topalov,V-Jussupow,A/
Elista,1998/Inf73/468 (1/2-1/2)(Jussupow,A)(61)}) 16. Rfd1 Bf6 17. Be5 Bxe5 18.
Qxe5 Qf6 19. Qxf6 Nxf6 20. Nb5 {+/=/= Ribli,Z-Portisch,L/HUN,1999(1/2-1/2)(41)}
) {Now I have a forced way to slight better position:} 15. Ba6 Ra8 $8 16. Bb7
Ra7 $8 17. Bxc6 axb4 18. axb4 Rxa1 19. Qxa1 Bxb4 20. Rd1 {+/=/= This move was
mentioned by Fritz 6, before the game.} ({Senselessly:} 20. Be5 $2 {because of:
} Ng4 21. Bg3 (21. Bd4 $4 Qd6 $19) (21. Bxg7 $2 Qd6 $1 22. g3 Qxc6 23. Bxf8
Bxc3 24. Qa3 d4 $1 $17) 21... Bd6 $11) 20... Bxc3 $1 ({After:} 20... Bg4 21.
Rb1 Bd6 22. Qa4 $1 {white save a positional advantage.}) 21. Qxc3 Qb6 {[%csl
Rc6][%cal Gf8c8] /\Rc8;ץc6} 22. Ba4 Ne4 ({After:} 22... Rc8 {can be
recommended:} 23. Qe1) 23. Qe1 $1 ({Leads to easy draw:} 23. Qd4 Qxd4 24. Rxd4
(24. exd4 $2 Nc3 {[%csl Ra4,Rd1,Rf4,Rg1][%cal Gc3e2]}) 24... Nc3 $11 {[%cal
Gc3e2,Gc3a4]}) 23... Qb2 24. Rb1 Qf6 {/\Nc3} 25. Bc2 Rc8 26. Rb8 ({Absolute
equality after:} 26. Bd3 Bf5 $5 (26... g5 $5 27. Bxe4 dxe4 (27... gxf4 $5 $13)
28. Bd6 (28. Bg3 h5 $132) 28... Ba2 29. Rd1 Bb3 30. Rd4 Rc4 $11) 27. Rb8 $140
Rxb8 28. Bxb8 Nxf2 $1 29. Qxf2 (29. Bxf5 $2 Qxf5 30. Qxf2 Qb1+ $15 {[%csl Rb8,
Rg1]}) 29... Bxd3 30. Qxf6 gxf6 $11) 26... Rxb8 27. Bxb8 Qb2 ({Impossibly:} 
27... Nxf2 $4 {because of:} 28. Qxf2 Qa1+ (28... Qb2 $2 29. Bxh7+) 29. Qf1 Qb2
30. Qb1 $18) 28. Qb1 Qxb1+ 29. Bxb1 {[%mdl 4096] +/=/=} Nd2 30. Bc2 Nc4 31. Ba7
f6 32. f3 ({Another possibilities is:} 32. Kf1 $5 {/\Ke2-d3-d4(without advance:
f3).}) 32... Kf7 33. g4 {[%csl Yg4][%cal Yg4h5,Yg4f5]} g6 34. Kf2 Bd7 35. Bc5
Bb5 36. Bd4 Na3 37. Bb3 Bc4 38. Ba4 Bb5 39. Bd1 Bd3 40. h4 $6 (40. Kg3 $142 {
save a point h4 for my king.}) 40... h5 $1 (40... Nc2 $2 41. Bc5 {[%csl Rc2,
Yc5][%cal Gd1e2]}) 41. gxh5 ({Unsuccessful attempt struggle behind advantage:} 
41. Kg3 Nb5 42. Bb2 Nc7 {[%csl Ye6][%cal Yc7e6]}) 41... gxh5 42. f4 Kg6 43. Bf3
Be4 44. f5+ {Only chance play to win!} Bxf5 45. Bxd5 Nb5 46. Kg3 Nxd4 $5 (46...
Nd6 $5 47. Kf4 Bd3 48. e4 Nf7 $11) 47. exd4 Kg7 $11 48. Kf4 Bg4 49. Bf3 ({
Also draw after:} 49. Ke4 Kf8 $140 50. Bc6 Ke7 51. Kd5 Bf3+ 52. Kc5 Bxc6 53.
Kxc6 f5 54. Kc7 Ke6 55. Kc6 $11) 49... Bxf3 50. Kxf3 Kf7 51. Kf4 Ke6 52. Ke4
Kd6 53. Kf5 Kd5 54. Kg6 (54. Kxf6 $144 Kxd4 55. Kg5 Ke5 56. Kxh5 Kf6 $11) 54...
f5 55. Kxf5 (55. Kxh5 f4 56. Kg4 Ke4 57. d5 (57. h5 $4 f3 58. h6 f2 59. h7 f1=Q
60. h8=Q Qg1+ 61. Kh5 Qh1+ $19) 57... f3 58. d6 f2 59. d7 f1=Q 60. d8=Q Qf5+
61. Kg3 Qf3+ 62. Kh2 Qf2+ $11) (55. Kxf5 Kxd4 56. Kg5 Ke5 57. Kxh5 Kf6 $11)
1/2-1/2

[Event "ISR-chT"]
[Site "Israel"]
[Date "2006.01.21"]
[Round "2"]
[White "Golod, Vitali"]
[Black "Mikhalevski, Alexander"]
[Result "1-0"]
[WhiteElo "2577"]
[BlackElo "2435"]
[Annotator "Golod,V"]
[PlyCount "49"]
[EventDate "2006.01.14"]
[EventType "team"]
[EventRounds "11"]
[EventCountry "ISR"]
[SourceTitle "CBM 111"]
[Source "ChessBase"]
[SourceDate "2006.04.04"]
[SourceVersion "1"]
[SourceVersionDate "2006.04.04"]
[SourceQuality "1"]

1. d4 d5 2. c4 e6 3. Nc3 Be7 4. Nf3 Nf6 5. Bf4 O-O 6. e3 c5 7. dxc5 Bxc5 8. Qc2
Nc6 9. a3 Qa5 10. Nd2 $5 {I prepared this variation especially for this game,
as I was 99% sure, that this position would occur on our board.} Be7 ({Another
main alternative for Black was:} 10... Bb4 $5) 11. Bg3 Qb6 $5 ({This was more
common:} 11... Bd7 {with the idea Rfc8 (Rac8) and then Qd8.}) 12. Be2 $5 {
I decided to prevent the black knight from getting to "h5".} ({This also
deserves a lot of attention:} 12. b4 $5 {which was checked more than once in
practice.}) 12... d4 13. Na4 Qd8 (13... Qa5 $5 14. b4 $140 Qf5 (14... Bxb4 $2 {
This losing idea was shown by Alexander Mikhalevski during the analysis of the
game.} 15. axb4 Nxb4 16. Qb2 d3 17. Bd1 $18 {[%cal Ga4c3]}) 15. Bd3 (15. Qxf5
exf5 $13) 15... Qh5 $13) 14. e4 $1 $146 {[%mdl 8] White's idea: close the
center, and as a result get his knight to "d3" square (b4,Nb2-d3).} ({This was
checked a couple of times beforehand:} 14. O-O Bd6 (14... dxe3 15. fxe3 Bd6 $1
16. Bh4 $5 (16. Bxd6 Qxd6 17. c5 Qc7 18. b4 Ne5 {[%csl Re3,Rh2][%cal Ge5g4]}
19. h3 Bd7 20. Nc3 Rad8 21. Rac1 Ng6 $11 {Onischuk,A/Moscow,2002(0-1)(36)})
16... Qc7 17. h3 (17. Bxf6 $6 Bxh2+ 18. Kh1 gxf6 19. Rxf6 Be5 $15) 17... Be7
$11) 15. Bh4 Qc7 16. Kh1 dxe3 17. fxe3 $13 {This position was achieved in two
other games, with rearrangement of moves: Kaidanov,G-Lputian,S/Mallorca,2004/
CBM 104(1-0)(Dautov,R)(42) and Onischuk,A-Barsov,A/Montreal,2003/CBM 097(1/2-1/
2)(Dautov,R)(41)}) 14... e5 ({This was a bit dubious:} 14... a5 $6 {in view of:
} 15. c5 {/\Nc4 ><b6 +/=}) (14... Bd6 $5) (14... Nd7 $5 {/\Nde5 and d3}) 15. b4
d3 $5 {A very interesting pawn sacrifice, which I haven't seriously thought of.
If I had only known what the future held for me...} (15... Nd7 $6 16. c5 {()})
(15... Bg4 $5 {with the idea to exchange the lightsquared bishops, or make
Black weakening his kingside pawns.}) 16. Qxd3 (16. Bxd3 $4 Bxb4 $17 {[%csl
Rc2,Rd3,Re1][%cal Gc6b4]} 17. Nc3 $140 Qd4 {and so on.}) 16... Nxb4 $2 {
This was a bit too much :)} (16... Qxd3 $5 17. Bxd3 Rd8 18. Nb2 Nh5 $44) 17.
axb4 Bxb4 18. Ra2 $6 {I got a bit disoriented, and chose not the best
continuation by far, as I didn't see my opponent's reply on it.} ({This was a
simple win:} 18. Bxe5 $1 Nxe4 $8 19. Qxe4 Qxd2+ (19... Bxd2+ 20. Kf1 Re8 21.
Qd4 $18) 20. Kf1 Re8 21. Qd4 $5 Qc2 22. Qb2 $18) ({Also this was stronger:} 18.
Rb1 $5 {Mikhalevski,A} Qa5 $140 (18... a5 19. Rb2 $18) 19. Rxb4 Qxb4 20. Nc3 {
[%csl Re5][%cal Gg3e5,Yc3d5] +/-/+-}) 18... b5 $1 19. Qb1 {This is the best
square for the queen.} (19. Qb3 $2 Bxd2+ 20. Rxd2 bxa4 21. Qxa4 Qc7 $11) (19.
Qxd8 $2 Rxd8 20. cxb5 (20. Nb6 $4 Rxd2 21. Rxd2 axb6 $19 {[%csl Rd2,Re1][%cal
Gf6e4,Ga8a2]}) 20... Nxe4 21. Bf3 Be6 22. Rb2 Bxd2+ 23. Rxd2 Rxd2 24. Bxe4 Rad8
25. Nc3 $13) (19. cxb5 $6 Be6 $140 20. Qxd8 (20. Rb2 $143 Qa5 {/\Rfd8 פd2,Na4}
21. Rxb4 Qxb4 22. Nc3 Rfd8 $132) 20... Rfxd8 21. Rb2 Ba5 {/\22...Nxe4 or /\22..
.Rxd2 23.Rxd2 Rd8} 22. Nc5 Rac8 23. Nxe6 Rxd2 24. Rxd2 Nxe4 25. O-O Nxd2 26.
Rd1 fxe6 27. Bxe5 $14) 19... a5 ({This was hardly better:} 19... Qe7 $6 20.
cxb5 Rd8 21. Bd3 $16) 20. cxb5 Be6 21. Rb2 Qd4 $8 {[%csl Ra4,Rd2,Gd4,Re1] (1/
2?)} 22. f3 $1 $16 {I wasn't planning on any draws that day :)} Ba3 $4 {
Painful blunder leading to immediate loss.} (22... Nd7 $2 23. Qd1 $1 {/\Bf2} (
23. Bf2 $2 Bxd2+ 24. Rxd2 Qxa4 25. O-O Qb4 $1 26. Rb2 Qe7 $14) 23... Nc5 24.
Bf2 (24. Nxc5 $2 Qxb2 25. Nd3 Bxd2+ 26. Qxd2 Qxb5 27. Bxe5 a4 $132) 24... Nd3+
25. Bxd3 $1 Qxd3 26. Nc5 Qa3 27. Rc2 Rfd8 28. O-O Rxd2 (28... Bxc5 29. Bxc5 Qd3
30. b6 $18 {/\Qc1}) 29. Rxd2 Bxc5 30. Rd8+ Rxd8 31. Qxd8+ Bf8 32. b6 $18) (
22... Bxd2+ 23. Rxd2 Qxa4 24. Bxe5 {+/-/+-}) (22... Rfd8 $5 {was necessary:}
23. Qd1 {/\Bf2} Qe3 $1 {We didn't see this option, in the analysis!} (23...
Rac8 $2 24. Bf2 Bxd2+ 25. Rxd2 Qb4 26. Nc5 $1 $18) 24. Bf2 $140 Qa3 25. O-O
Bxd2 26. Rxd2 Rxd2 27. Qxd2 Qxa4 28. Rb1 $16) {[%tqu "En","Find the killer
move!","","","g3f2","",10]} 23. Bf2 $1 Qxa4 $140 24. Bd1 {[%csl Ra4,Gd1,Yf2]
Now Black can't avoid severe material loss.} Bb3 25. Bxb3 {We won this match
with a great score of 5:1(+4=2-0) and became leaders.} ({After:} 25. Bxb3 {
it is pointless to continue the game:} Qb4 26. Bxf7+ Rxf7 27. Rxb4 Bxb4 28. Ke2
{with a very big material advantage.}) 1-0

[Event "Belgrade Investbank"]
[Site "Belgrade"]
[Date "1991.??.??"]
[Round "?"]
[White "Gurevich, Mikhail"]
[Black "Beliavsky, Alexander G"]
[Result "1/2-1/2"]
[WhiteElo "2630"]
[BlackElo "2655"]
[Annotator "Gurevich,M"]
[PlyCount "85"]
[EventDate "1991.11.??"]
[EventType "tourn"]
[EventRounds "11"]
[EventCountry "YUG"]
[EventCategory "15"]
[SourceTitle "CBM 027"]
[Source "ChessBase"]
[SourceDate "1992.04.01"]
[SourceVersion "1"]
[SourceVersionDate "1992.04.01"]
[SourceQuality "1"]

1. c4 e6 2. Nc3 d5 3. d4 Nf6 4. Nf3 Be7 5. Bf4 O-O 6. e3 c5 7. dxc5 Bxc5 8.
cxd5 Nxd5 9. Nxd5 exd5 10. a3 Nc6 11. Bd3 Bb6 12. O-O Qf6 13. b4 Bf5 14. b5 Nd4
15. Bxf5 Nxf3+ 16. Qxf3 Qxf5 17. a4 $1 {TN} (17. Rfd1 d4 $1 18. exd4 Qxb5 19.
Qxb7 Rad8 $10) 17... Rfd8 $6 (17... Rac8 $32 18. Rfd1 Rfd8 19. a5 Bc5 20. Rac1
$14) 18. a5 Bc5 19. Bc7 $1 Qxf3 20. gxf3 Rd7 21. b6 $16 {[/\ 22.a6]} a6 (21...
axb6 22. axb6 Rc8 (22... Rxa1 23. Rxa1 d4 24. Ra8+ Bf8 25. Kf1 $1 $16) 23. Rfc1
$16 {/\24.Ra7}) 22. Rfd1 f5 $1 {[/\Kg8-f7-e6]} 23. Rac1 Be7 (23... Bb4 $2 24.
Rd4 Bxa5 $2 25. Rc5 Be1 26. Kf1 $18) 24. Rd3 Kf7 25. e4 $6 (25. Rcd1 Ke6 26. e4
d4 27. Rxd4 Rxd4 28. Rxd4 Rf8 29. Kg2 $16) 25... d4 26. Rc4 Bf6 $1 27. Rc5 (27.
e5 Be7 28. Rdxd4 Rxd4 29. Rxd4 Ke6 $10) 27... g6 $1 28. Bf4 {[/\29.ef]} (28.
exf5 gxf5 29. Rxf5 Rg8+ 30. Kf1 Rg5 31. Rxg5 Bxg5 32. Be5 Bf6 $10) 28... Re8
29. exf5 Red8 $1 {[/\30...Rd5<=>]} 30. Bc7 Re8 (30... Rd5 31. Bxd8 Rxc5 32.
Bxf6 Kxf6 33. fxg6 hxg6 34. Rxd4 Rxa5 35. Rd7 Rb5 36. Rxb7 a5 37. Kg2 $14) 31.
f4 $5 {[/\Kg1-g2-f3,Be5+/-]} Be7 $1 $10 32. fxg6+ hxg6 33. Rc4 Bf6 {[/\34...
Rd5<=>]} 34. Be5 Bxe5 35. fxe5 Rxe5 36. Rdxd4 Rxd4 37. Rxd4 Rxa5 38. Rd7+ Kf6
39. Rxb7 Rb5 40. Kg2 a5 41. Rb8 a4 42. b7 Kg7 43. Ra8 1/2-1/2

[Event "Linares zt"]
[Site "Linares"]
[Date "1995.??.??"]
[Round "4"]
[White "Gurevich, Mikhail"]
[Black "Fernandes, Antonio ETG"]
[Result "1-0"]
[WhiteElo "2585"]
[BlackElo "2380"]
[Annotator "Gurevich,M"]
[PlyCount "129"]
[EventDate "1995.11.??"]
[EventType "swiss"]
[EventRounds "11"]
[EventCountry "ESP"]
[SourceTitle "CBM 051"]
[Source "ChessBase"]
[SourceDate "1996.04.01"]
[SourceVersion "1"]
[SourceVersionDate "1996.04.01"]
[SourceQuality "1"]

1. c4 e6 2. Nc3 d5 3. d4 Be7 4. Nf3 Nf6 5. Bf4 O-O 6. e3 Nbd7 7. Qc2 c6 8. a3
Nh5 $6 {N} (8... h6 9. h3 dxc4 10. Bxc4 b5 11. Be2 Bb7 12. O-O a6 13. Rfd1 $14
{Tisdall,J-Lyrberg,P Oslo op 1994}) (8... Re8 9. h3 Nf8 10. Bd3 dxc4 11. Bxc4
Nd5 12. Bg3 $14 {Savon,V-Gerbich,V Vladivostok op 1995}) 9. Be5 $1 (9. Bd3 Nxf4
10. exf4 (10. Bxh7+ Kh8 11. exf4 dxc4 $132 (11... g6 $5))) (9. Bg3 Nxg3 10.
hxg3 h6 $13) 9... f6 (9... Nxe5 10. dxe5 {(פh5)} g6 11. O-O-O $5 Qa5 12. g4
Ng7 13. h4 $40) 10. Bg3 f5 {[/\11...Nxg3]} (10... Nxg3 11. hxg3 f5 12. g4 $1
Nf6 13. gxf5 exf5 14. Bd3 $36) 11. Be5 $1 (11. Be2 Nxg3 12. hxg3 Nf6 $13) 11...
Nhf6 {[/\12...Nxe5]} (11... Nxe5 12. dxe5 $14 {(/\13.Be2,14.0-0-><<)}) 12. Bf4
$1 (12. Be2 Nxe5 13. dxe5 Ne4 $132) 12... Ne4 (12... Nh5 13. Bd3 Nxf4 14. exf4
$16 {[><e6]}) 13. h3 Ndf6 14. Bd3 Bd7 15. O-O Be8 16. Bh2 (16. Ne5 $5 $14 {
(/\17.f3)}) 16... Bh5 17. Ne5 Nd7 18. f3 Nxe5 19. Bxe5 Nxc3 20. bxc3 $5 (20.
Qxc3 Bd6 $10) 20... Bd6 21. Bxd6 Qxd6 22. c5 Qc7 (22... Qe7 23. Rab1 Rad8 24.
Rb2 Rd7 $14) 23. c4 (23. e4 fxe4 24. fxe4 Bg6 $1 $10) 23... Bg6 24. Rab1 b6 25.
Rfc1 $1 $36 Rf6 $6 {[/\26...f4<=>>>]} (25... bxc5 26. cxd5 cxd5 27. Qxc5 $14)
26. f4 bxc5 27. cxd5 exd5 (27... cxd5 28. Qxc5 $16) 28. Qxc5 $16 {[><c6,f5]}
Re8 29. Kf2 (29. Qxd5+ $6 cxd5 30. Rxc7 Rxe3 $132) 29... Qd7 (29... Rfe6 30.
Re1 $16) 30. Ba6 Rfe6 31. Rc3 Qd8 {[/\32...Qh4<=>]} 32. g3 R8e7 33. Rcb3 Be8
34. Rb8 Qd6 35. Bc8 $1 $18 Rh6 (35... Qxc5 36. Bxe6+) 36. Qxd6 Rxd6 37. Bxf5 g6
38. Bg4 h5 39. Bf3 Rde6 40. R1b3 Kf7 41. a4 Kf6 42. a5 g5 43. R8b7 Bg6 44. Rxe7
Rxe7 45. a6 h4 46. fxg5+ Kxg5 47. gxh4+ Kf6 (47... Kxh4 48. Rb7 Rf7 49. Rxf7
Bxf7 50. Bg4 $18) 48. Rb7 Bd3 49. Be2 Bf5 50. Rxe7 Kxe7 51. Kg3 Kf6 52. h5 Kg5
53. h4+ Kf6 54. Kf4 Be4 55. Bg4 Bd3 56. Bc8 Be2 57. Bb7 Bb5 58. h6 Kg6 59. Ke5
Kxh6 60. Kd6 Kh5 61. Kc7 Kxh4 62. Kb8 Kg3 63. Kxa7 Kf3 64. Kb6 Bxa6 65. Bxa6 (
65. Bxa6 Kxe3 66. Kc5 $18) 1-0

[Event "Neuchatel op"]
[Site "Neuchatel"]
[Date "1996.??.??"]
[Round "4"]
[White "Gurevich, Mikhail"]
[Black "Ekstroem, Roland"]
[Result "1-0"]
[WhiteElo "2590"]
[BlackElo "2415"]
[Annotator "Gurevich,M"]
[PlyCount "129"]
[EventDate "1996.05.??"]
[EventType "swiss"]
[EventRounds "7"]
[EventCountry "SUI"]
[SourceTitle "CBM 053"]
[Source "ChessBase"]
[SourceDate "1996.08.01"]
[SourceVersion "1"]
[SourceVersionDate "1996.08.01"]
[SourceQuality "1"]

1. d4 d5 2. c4 e6 3. Nf3 Nf6 4. Nc3 Be7 5. Bf4 O-O 6. e3 c5 7. dxc5 Bxc5 8. a3
Nc6 9. Be2 dxc4 10. Bxc4 Qxd1+ 11. Rxd1 a6 (11... b6 {-64/(377)}) 12. Be2 $5 {
TN} (12. Bd3 Rd8 13. Bg5 h6 14. Bh4 e5 15. Bxf6 gxf6 16. Nh4 Be6 $132 {Polgar,
Zs-Gomes,M Pamplona 1991}) 12... Rd8 (12... b5 $6 13. Rc1 $1 $16 {(/\14.Nxb5)})
13. Rxd8+ (13. O-O Bd7 {(/\14...Be8)} 14. Nd2 e5 15. Bg5 Be6 $10) 13... Nxd8
14. O-O Bd7 (14... b5 $5 {(/\15...Bb7)}) 15. Rd1 {[/\16.Ne4]} Be8 (15... Bc6
16. Ne5 $14) 16. Nd2 $1 {[/\Nd2-e4-d6]} Nc6 17. Nde4 Nxe4 (17... Be7 18. Nd6
Bxd6 (18... b5 19. Bf3 $16) 19. Bxd6 $14) 18. Nxe4 Be7 19. Nd6 Bxd6 $8 20. Bxd6
$14 Rd8 21. Kf1 f6 22. Ke1 e5 23. Bc5 Rxd1+ 24. Kxd1 f5 (24... Bf7 25. Bg4 {
(/\26.Bc8)}) (24... Kf7 25. Bc4+ Kg6 26. Be6 $14) 25. Kd2 Bf7 26. Kc3 Be6 (
26... Bd5 27. Bc4 $1 Bxc4 28. Kxc4 Kf7 29. Kd5 $16) 27. f4 $1 {[><d4]} exf4 28.
exf4 Kf7 29. Bf3 Ke8 30. b4 {[/\31.a4,32.b5]} Kd7 31. a4 Kc7 32. b5 axb5 33.
axb5 Nd8 $2 (33... b6 $5 $8 34. Bxb6+ (34. Bf8 Na7 {(35...g6,36...Bd7)<=>})
34... Kxb6 35. bxc6 (35. Bxc6 Kc5 $14) 35... Kc5 36. g3 h6 37. h3 Bc8 $14) 34.
b6+ Kc8 35. Bf8 $1 $16 g6 36. Kd4 Nf7 (36... Nc6+ 37. Kc5 {(/\38.Kd6)} Kd7 38.
Bg7 $16 {(/\39.Be5,40.Bxc6)} (38. Bxc6+ $2 bxc6 39. Bd6 Kc8 40. Kxc6 Bd7+ 41.
Kc5 Kb7 42. g3 h5 43. Bc7 Bc6 44. Kd6 Bf3 45. Ke6 h4 46. gxh4 (46. Kf6 hxg3 47.
hxg3 Bh5 $10) 46... Bh5 $10)) 37. g3 Bb3 38. Kc5 Ba2 39. Bg7 Bb3 40. Bf6 Be6
41. Bb2 Ba2 42. Ba1 Be6 43. Bg7 Ba2 44. g4 $1 Be6 (44... fxg4 45. Bxg4+ Kd8 46.
f5 $16) 45. gxf5 gxf5 (45... Bxf5 46. Bd5 Nd8 47. Kd6 $18 {(><h7,g6)}) 46. Bc3
Ba2 47. h3 Bb3 48. Bf6 Ba2 49. Bg2 Bb3 50. Bg7 Ba2 51. Bh1 $1 {[/\52.Kd4,
Bg7-f8-a3,Bh1-d5]} (51. Kd4 Bb3 52. Bf8 Nh8 $1 {(/\53...Ng6)} 53. Ke5 $2 Ng6+)
(51. Bb2 Bb3 52. Kd4 Nh8 $1 53. Ke5 Ng6+ $10 54. Kxf5 $2 Nh4+) 51... Bb3 52.
Bc3 Ba2 53. Kd4 Bb3 (53... Nh8 $2 54. Ke5 Ng6+ 55. Kxf5 $18) 54. Bb4 Ba2 55.
Bd5 $1 $18 Bxd5 56. Kxd5 Kd7 57. Ba3 h6 (57... Ke8 58. Ke6 $18) (57... Nd8 58.
Ke5 Kc6 59. Be7 Nf7+ 60. Ke6 Nh8 61. Bd8 $18) 58. Bc5 h5 59. Ba3 Nh8 60. Ke5
Kc6 61. Kxf5 Kxb6 62. Kf6 Kc6 63. Kg7 Kd5 64. Kxh8 Ke4 65. Bc1 1-0

[Event "Lost Boys op"]
[Site "Antwerp"]
[Date "1998.08.09"]
[Round "9"]
[White "Gurevich, Mikhail"]
[Black "Barsov, Alexei"]
[Result "1/2-1/2"]
[WhiteElo "2635"]
[BlackElo "2465"]
[Annotator "Gurevich,M"]
[PlyCount "128"]
[EventDate "1998.08.??"]
[EventType "swiss"]
[EventRounds "9"]
[EventCountry "BEL"]
[SourceTitle "CBM 067"]
[Source "ChessBase"]
[SourceDate "1998.11.30"]
[SourceVersion "2"]
[SourceVersionDate "1998.11.01"]
[SourceQuality "1"]

1. c4 e6 2. Nc3 d5 3. d4 Be7 4. Nf3 Nf6 5. Bf4 O-O 6. e3 c5 7. dxc5 Bxc5 8. a3
Nc6 9. Rc1 d4 10. exd4 Nxd4 11. Ne5 $5 b6 12. Bd3 Bb7 13. O-O h6 14. b4 Be7 15.
Nb5 $5 Nc6 (15... Nxb5 16. cxb5 Nd5 17. Bg3 Bg5 18. Rc4 a6 $5 $13) 16. Nxc6 (
16. Re1 $5 Nxe5 17. Bxe5 a5 18. Nd6 $14) 16... Bxc6 17. Nd6 Ne8 (17... Ba4 $1
18. Qxa4 (18. Qd2 Nh5 $1 19. c5 Nxf4 20. Qxf4 bxc5 21. bxc5 Qd7 $13) 18... Bxd6
19. Bxd6 Qxd6 20. Rfd1 Qe5 $13) 18. c5 bxc5 19. bxc5 Bd5 $1 (19... Nxd6 20.
cxd6 Bxd6 21. Bxd6 Qxd6 22. Bh7+ $18) 20. Nb5 (20. Qg4 $5 Nxd6 21. cxd6 Bxd6
22. Bxh6 Qf6 23. Bg5 Qe5 24. Qh4 f5 25. Rfe1 Qb2 26. Be7 $14) 20... Rc8 21. Be3
(21. Nxa7 Rxc5 22. Nb5 Rxc1 23. Bxc1 Qa8 $11) 21... Qd7 22. Nd4 Nc7 (22... Qb7
$6 23. c6 Bxc6 24. Rxc6 Rxc6 25. Be4 $18) (22... Bxc5 23. Nxe6 fxe6 24. Bxc5
$14) (22... Rxc5 23. Rxc5 Bxc5 24. Nxe6 Qxe6 25. Bxc5 Bxg2 26. Re1 $1 $16) 23.
Bc2 Rcd8 (23... Bxc5 24. Qd3 (24. Ba4 Qd6 25. Rxc5 Qxc5 26. Nxe6 Qc4 $1 27.
Nxf8 Qe4 28. Qf3 Qxa4 $19) 24... f5 25. Nxf5 Rxf5 26. Bxc5 Qc6 27. Qe3 $13) 24.
Ba4 Qc8 25. Qe2 e5 (25... Na6 $5 26. c6 Bxa3 27. Ra1 Bc5 28. Rfc1 $44) 26. Nc6
Bxc6 27. Bxc6 Ne6 28. Bf3 (28. Be4 f5 29. Bb1 f4 30. Qc2 Rf6 $13) 28... Qc7 29.
Qc4 Nd4 30. Be4 Kh8 31. a4 f5 32. Bb1 Rf6 33. Rfe1 Rc6 $11 34. Bxd4 Rxd4 35.
Qf7 Rf6 36. Qb3 e4 37. Kh1 Rd8 $6 $138 38. f3 Rc6 39. fxe4 fxe4 40. Qb4 $2 (40.
Qc2 Bxc5 (40... Qe5 41. Rxe4 Qf5 (41... Qxc5 42. Rc4 $18) 42. Rxe7 Rxc5 43. Rd1
$1 Rxc2 44. Rxd8+ Kh7 45. Rd1 Qg6 46. Rg1 $16) 41. Qxe4 $16) 40... Qe5 41. Rc4
$2 (41. Qxe4 Qxe4 42. Bxe4 $11) 41... e3 $17 42. Re4 Bxc5 43. Qc4 Qf6 44. R4xe3
$1 Bxe3 45. Qe4 g6 46. Qxe3 $17 Qg5 47. Qf2 (47. Qxa7 Rc1 48. Qg1 Rxe1 49. Qxe1
Rc8 $19) 47... a5 $2 (47... a6 $17) 48. h3 $15 Rcd6 49. Qf3 Qf6 50. Qe3 Qg7 51.
Bc2 Rd2 52. Qb6 Rg8 53. Be4 Qc3 54. Rf1 Qd4 55. Qxa5 Ra2 56. Bc6 $11 Ra1 57.
Rxa1 Qxa1+ 58. Kh2 Qf6 59. Qc7 Rg7 60. Qb8+ Kh7 61. Bf3 Qa6 62. Qf4 Ra7 63. Bd1
Qd3 64. Qb8 Rd7 1/2-1/2